Almost Dirty Words II Quiz Stats

Quiz Updated May 24, 2012

Also try: Almost Dirty Words
Challenge
Share
Tweet
Embed
Score 0/20 Timer 05:00
0 Plays Today
Definition Dirty Sounding Word % Correct
Seventh planet from the SunUranus
96.6%
Largest city in ThailandBangkok
74.2%
Slightly wet or dampMoist
54.2%
Place in the street used to enter the sewerManhole
51.3%
Whale's nostrilBlowhole
46.1%
Video game controllerJoystick
42.3%
Worn around the waist with tuxedosCummerbund
38.2%
Lowest part of spinal column; tailboneCoccyx
34.7%
An order commanding one to appear in courtSubpoena
32.3%
An apartment that is owned, not rentedCondominium
30.8%
Definition Dirty Sounding Word % Correct
Excavating equipment with a digging bucketBackhoe
29.9%
Metal pole used to load or clean a firearmRamrod
19.9%
A drum sound played to accentuate a jokeRimshot
19.4%
Priest's houseRectory
17.5%
Small songbird (some are tufted)Titmouse
14.7%
A vowel that makes two sounds or 'glides'Diphthong
13.9%
Subject to crankiness, often applied to old menCrotchety
13.2%
A person between the ages of 60 and 69Sexagenarian
11.2%
One's just desertsComeuppance
6.7%
A false notionFallacy
3.4%

You're not logged in!

Compare scores with friends on all Sporcle quizzes.
Join for Free
OR
Log In

You Might Also Like...

Show Comments

Extras

Top Quizzes Today


Score Distribution

Your Account Isn't Verified!

In order to create a playlist on Sporcle, you need to verify the email address you used during registration. Go to your Sporcle Settings to finish the process.

Report this User

Report this user for behavior that violates our Community Guidelines.

Details: